000 00640nam a2200253Ia 4500
003 OSt
005 20221005115058.0
006 a|||||r|||| 00| 0
007 ta
008 221004b |||||||| |||| 00| 0 mal d
024 _a57202
037 _cTextual
040 _aCRL
_cCRL
_bmal
041 _2mal
_amal
082 _aO32,3NBHAx, J1
100 _aBhattathiripad
_9594638
245 0 _aBlich
260 _c1951
300 _a52p.
_ccm.
650 _a MALAYALAM LITERATURE
_938866
650 _aMALAYALAM FICTION
_9183428
942 _hO32,3NBHAx, J1
_cTEXL
_2cc
999 _c1033358
_d1033358